00789nam a2200253 i 45000010005000000030009000050050017000140070003000310080041000340200018000750800015000930800019001082450125001272600032002523000028002844900025003125040032003376500032003696550017004017000021004187000034004398300025004738520037004987571ES-MaACL20250823062240.0t|910305s1990 sp a |||| | spa d a84-206-5236-9 a7"19"(038) a46.316.4:7"19"00aGuía del arte del siglo XX / cdirigida por Harold Osborne ; traducción de Jesús Fernández Zulaica ... [et al.]. aMadrid : bAlianza, c1990. aVIII, 937 p. ; c24 cm.1 aAlianza diccionarios aBibliografía: p. 873-937. 4aArte-yS.XX-vDiccionarios. 0aDiccionarios1 aOsborne, Harold.1 aFernández Zulaica, Jesús.0 aAlianza diccionarios aES-MaACLjL-14872 z- enc. cart.